Tilastot visalle Ensimmäisen maailmansodan maat

Klikkaa tästä pelataksesi tätä visaa!

Yleistilastot

  • Tätä visaa on pelattu 28 kertaa
  • Keskiarvotulos 14 / 21

Vastaustilastot

KuolleitaValtio% Oikein
651,000Italia
100%
2,037,000Saksa
100%
2,254,369Venäjä
100%
1,494,200Itävalta-Unkari
95%
1,397,800Ranska
95%
960,036Yhdistynyt kuningaskunta
95%
4,661Japani
90%
116,708Yhdysvallat
90%
64,997Kanada
76%
62,081Australia
71%
771,844Osmanien valtakunta
71%
26,000Kreikka
67%
450,000Serbia
67%
87,500Bulgaria
62%
58,637Belgia
57%
7,222Portugali
52%
335,706Romania
52%
18,053
Uusi-Seelanti
33%
9,592Etelä-Afrikka
29%
13,325Montenegro
19%
1,570Newfoundland
0%

Tulosjakauma

Persentiili vastausten määrän mukaan

Jokaisen tuloksen saaneiden osuus

Tuloshistoriasi

Et ole pelannut tätä visaa